| 000 | 00714nam a2200193Ii 4500 | ||
|---|---|---|---|
| 003 | JO-AjNU | ||
| 008 | 230605s9999||||xx |||||||||||||| ||und|| | ||
| 040 |
_aJO-AjNU _bara _erda _cJO-AjNU |
||
| 041 | _aara | ||
| 050 | 1 | 4 | _aPJ7840.A17 1984 |
| 100 | 3 |
_aترجمها وعلق عليها الأحمد،سامي سعيد, _eauthor _918625 |
|
| 245 | 0 | 0 | _aملحمة كلكامش |
| 264 | 3 | 1 | _aبيروت:دار الجيل،1984 ؛ بغداد:دار التربية،1984 |
| 300 | _a556ص | ||
| 336 |
_atext _btxt _2rdacontent |
||
| 337 |
_aunmediated _bn _2rdamedia |
||
| 338 |
_avolume _bnc _2rdacarrier |
||
| 650 | 4 |
_a الأساطير الآكادية - الشعر الحماسي - البلاد العربية _918626 |
|
| 999 |
_aA5992 _c9560 _d9560 |
||